000 00452nam a2200181Ia 4500
008 090124s9999 xx 000 0 und d
082 _b30548
_a4161
100 _aजाधव रा. ग.
245 _a वागर्थ
250 _a1
260 _c2000
300 _a175
600 _aजाधव रा. ग.
630 _a वागर्थ
700 _aजाधव रा. ग.
730 _a वागर्थ
942 _cBOOK
999 _c144029
_d144029